000 00499nam a2200145 a 4500
001 000034667
005 20200930073829.0
008 111013s1906 dr ac 000 0 spa d
040 _aDO-SdBNP
_bspa
_cBNPHU
082 _axxx
_bR426r
110 1 _aRepública Dominicana
_bSecretaría de Estado de Fomento y Obras Pública
_960100
245 1 3 _aLa República Dominicana.
260 _aSanto Domingo :
_bSecretaría de Estado de Fomento y Obras Pública,
_c1906.
300 _a123 p. :
_bil., retr. ;
_c22 cm.
999 _c34158
_d34158